000 01698cam a2200385Ma 4500
001 ocn566858650
005 20170712074205.0
008 170419s1999 xxuab fr 001 0 eng d
010 _a 99045335
020 _z0195105133
020 _a9780195105131
020 _z0195154916
020 _a9780195154917
040 _aCo-BoUCM
_beng
_cSaul Niño
_dSaul Niño
041 0 _aeng
245 0 0 _aEncounters in the new world
_ba history in documents
_cJill Lepore
260 _aNew York (Estados Unidos)
_bOxford University Press
_c1999
300 _a175 páginas
490 0 _aPages from history
504 _aIncluye referencias bibliográficas e índices
520 _aA collection of documents illustrating encounters between Native American peoples and a variety of European newcomers from the fifteenth to the eighteenth centuries. Includes maps, journals, advertisements, and letters.
546 _aTexto en inglés
600 _aVespucci, Americo
_d1454-1512
_xItinerarios
_985224
650 7 _aIndígenas de América Central
_xHistoria
_vFuentes
_917323
650 7 _aIndígenas de América del Norte
_xHistoria
_vFuentes
_917324
650 7 _aComunidades indígenas
_911418
651 _aAmérica Central
_xDescripciones y viajes
_vFuentes
_985225
651 _2América Central
_xDescubrimiento y exploraciones
_vFuentes
_985226
651 _aAmérica del Norte
_xDescripciones y viajes
_vFuentes
_985227
651 _aAmérica del Norte
_xDescubrimiento y exploraciones
_vFuentes
_985228
690 0 _aHistoria universal
_916951
700 1 _aLepore, Jill
_d1966-
_982902
942 _2DEWEY
_a21
_cLIBRO
_e1
_h970.00497
_mL598e
999 _c306396
_d306396